[Event "CAN-ch"]
[Site "Kingston CAN"]
[Date "2022.04.14"]
[Round "3.12"]
[White "Derraugh, Geordie"]
[Black "Barron, Michael"]
[Result "0-1"]
[WhiteElo "2202"]
[BlackElo "2108"]
[PlyCount "142"]
[EventDate "2022.04.13"]
[EventType "swiss"]
[EventRounds "9"]
[EventCountry "CAN"]

1. e4 e5 2. Bc4 Nf6 3. d3 Nc6 4. Nc3 Bb4 5. Nf3 d6 6. h3 Be6 7. Bb3 Nd4 8. O-O
Nxb3 9. axb3 O-O 10. Bg5 h6 11. Bh4 c6 12. Ne2 g5 13. Bg3 Nh5 14. d4 f6 15. Qd3
Ba5 16. Nh2 Bb6 17. d5 cxd5 18. exd5 Bf7 19. Ng4 Kg7 20. Ne3 Bg6 21. Nf5+ Kh7
22. Bh2 Qd7 23. g4 Ng7 24. Neg3 h5 25. Qf3 h4 26. Ne4 Bxf5 27. gxf5 Rad8 28.
Nd2 Qxf5 29. Qxf5+ Nxf5 30. Nc4 Bc5 31. c3 a6 32. b4 Ba7 33. Ra5 Rc8 34. b3 Bb8
35. b5 Bc7 36. b6 Bd8 37. Rd1 Rf7 38. Rd3 Rd7 39. Kf1 Ne7 40. f3 Ng6 41. Ra4 f5
42. Rb4 Bf6 43. Ne3 Ne7 44. Bg1 Kg6 45. Ke2 Ng8 46. Rc4 Rxc4 47. Nxc4 Be7 48.
Na5 Nf6 49. c4 e4 50. fxe4 Nxe4 51. b4 Bf8 52. Nc6 g4 53. hxg4 fxg4 54. Re3 Ng5
55. Re8 Nh7 56. c5 Kf7 57. Rd8 Nf6 58. Rxd7+ Nxd7 59. Nd8+ Ke8 60. Nxb7 dxc5
61. bxc5 Ne5 62. Bd4 Nf3 63. Bf6 h3 64. Kf2 h2 65. Kg2 g3 66. Nd6+ Bxd6 67.
cxd6 Ne1+ 68. Kh1 Nd3 69. b7 Nf2+ 70. Kg2 h1=Q+ 71. Kxg3 Qb1 0-1

[Event "CAN-ch"]
[Site "Kingston CAN"]
[Date "2022.04.14"]
[Round "3.13"]
[White "Abrahams, Daniel"]
[Black "Han, Johnathan"]
[Result "1/2-1/2"]
[WhiteElo "2163"]
[BlackElo "2009"]
[PlyCount "70"]
[EventDate "2022.04.13"]
[EventType "swiss"]
[EventRounds "9"]
[EventCountry "CAN"]

1. Nf3 Nf6 2. g3 g6 3. b3 Bg7 4. Bb2 O-O 5. Bg2 d5 6. O-O c5 7. e3 Nc6 8. d4
cxd4 9. Nxd4 Bg4 10. Nxc6 bxc6 11. Qc1 a5 12. Nd2 Qb6 13. h3 Be6 14. Re1 a4 15.
e4 Rfe8 16. c4 Rac8 17. Qc2 a3 18. Bxf6 Bxf6 19. Rac1 Red8 20. Re2 Bg7 21. Qb1
d4 22. Qd3 c5 23. Nf3 Bd7 24. Ne1 e5 25. Qc2 f5 26. Nd3 Kh8 27. Kh2 f4 28. gxf4
exf4 29. Rg1 Qe6 30. f3 Rf8 31. Qc1 Qa6 32. Bf1 Qa7 33. Rc2 Rce8 34. Rg5 Rc8
35. Rg1 Rce8 1/2-1/2

[Event "CAN-ch"]
[Site "Kingston CAN"]
[Date "2022.04.15"]
[Round "4.1"]
[White "Sambuev, Bator"]
[Black "Rodrigue-Lemieux, Shawn"]
[Result "1/2-1/2"]
[WhiteElo "2502"]
[BlackElo "2342"]
[PlyCount "104"]
[EventDate "2022.04.13"]
[EventType "swiss"]
[EventRounds "9"]
[EventCountry "CAN"]

1. e4 c6 2. d4 d5 3. Nd2 dxe4 4. Nxe4 Nf6 5. Nxf6+ exf6 6. Bc4 Qe7+ 7. Qe2 Be6
8. Bxe6 Qxe6 9. Bf4 Be7 10. Nf3 Nd7 11. Bg3 O-O 12. Qxe6 fxe6 13. O-O-O Kf7 14.
Rhe1 Rac8 15. Nd2 c5 16. Nc4 Rfd8 17. d5 exd5 18. Rxd5 Nb6 19. Rxd8 Rxd8 20.
Na5 c4 21. c3 Rd7 22. Rd1 Ke6 23. f3 Rxd1+ 24. Kxd1 Na4 25. Kc2 b5 26. Nc6 Bc5
27. b3 cxb3+ 28. axb3 Kd5 29. Na5 Bb6 30. Nb7 Nc5 31. Nd6 a6 32. Nf5 g6 33.
Ne7+ Ke6 34. Nc6 Kd7 35. Nb4 a5 36. Nd5 Bd8 37. Bh4 Ke6 38. Nf4+ Kd7 39. Ne2
Ne6 40. Kd3 Nc5+ 41. Kc2 Ne6 42. b4 axb4 43. cxb4 Be7 44. Be1 f5 45. Bd2 Kc6
46. Kd3 Kd5 47. g4 fxg4 48. fxg4 Bd6 49. h3 Be5 50. Be3 Bd6 51. Bd2 Be5 52. Be3
Bd6 1/2-1/2

[Event "CAN-ch"]
[Site "Kingston CAN"]
[Date "2022.04.15"]
[Round "4.2"]
[White "Thavandiran, Shiyam"]
[Black "Panjwani, Raja"]
[Result "1/2-1/2"]
[WhiteElo "2420"]
[BlackElo "2448"]
[PlyCount "33"]
[EventDate "2022.04.13"]
[EventType "swiss"]
[EventRounds "9"]
[EventCountry "CAN"]

1. e4 e5 2. Nf3 Nc6 3. g3 Nf6 4. d3 g6 5. Bg2 Bg7 6. O-O O-O 7. c4 d6 8. h3 Nd7
9. Nc3 Nc5 10. Rb1 a5 11. Bg5 f6 12. Be3 f5 13. exf5 Bxf5 14. Bxc5 dxc5 15. Ne4
Bxe4 16. dxe4 Qxd1 17. Rfxd1 1/2-1/2

[Event "CAN-ch"]
[Site "Kingston CAN"]
[Date "2022.04.15"]
[Round "4.3"]
[White "Zhang, Yuanchen"]
[Black "Nicula, Marius"]
[Result "1-0"]
[WhiteElo "2330"]
[BlackElo "2186"]
[PlyCount "67"]
[EventDate "2022.04.13"]
[EventType "swiss"]
[EventRounds "9"]
[EventCountry "CAN"]

1. d4 e6 2. c4 f5 3. g3 Nf6 4. Bg2 d5 5. Nf3 c6 6. O-O Bd6 7. b3 Qe7 8. Bb2 O-O
9. Nbd2 Ne4 10. Ne1 b6 11. Nd3 Bb7 12. f3 Nxd2 13. Qxd2 Nd7 14. e4 fxe4 15.
fxe4 dxc4 16. bxc4 e5 17. d5 Rxf1+ 18. Rxf1 Rf8 19. Bh3 Rxf1+ 20. Kxf1 cxd5 21.
cxd5 Nc5 22. Nxc5 Bxc5 23. Be6+ Kh8 24. Bxe5 Ba6+ 25. Kg2 Qe8 26. Qh6 Qf8 27.
Bf5 Qg8 28. Qe6 Qxe6 29. Bxe6 Bc4 30. Bh3 Bxa2 31. d6 b5 32. d7 Bb6 33. Bd6 a5
34. e5 1-0

[Event "CAN-ch"]
[Site "Kingston CAN"]
[Date "2022.04.15"]
[Round "4.5"]
[White "Plotkin, Victor"]
[Black "Tanaka, Tyler"]
[Result "0-1"]
[WhiteElo "2278"]
[BlackElo "2113"]
[PlyCount "160"]
[EventDate "2022.04.13"]
[EventType "swiss"]
[EventRounds "9"]
[EventCountry "CAN"]

1. e4 c5 2. Nf3 d6 3. Bb5+ Nd7 4. O-O Ngf6 5. Re1 a6 6. Bf1 b5 7. a4 Bb7 8. d3
e5 9. Nc3 Bc6 10. g3 g6 11. Bh3 Bg7 12. Be3 O-O 13. Nh4 b4 14. Ne2 d5 15. f3
Qc7 16. Rf1 Qb7 17. b3 Rfd8 18. Qe1 a5 19. Qf2 Bf8 20. g4 c4 21. dxc4 d4 22.
Bg5 Bc5 23. Nc1 d3 24. Be3 Qa7 25. Bxc5 Nxc5 26. cxd3 Qe7 27. Qe3 Rd4 28. Ng2
Rad8 29. Ne1 Ne6 30. Ne2 g5 31. Nxd4 exd4 32. Qd2 Nf4 33. Bg2 Nd7 34. Rf2 Kg7
35. Bf1 Qf6 36. h3 h5 37. Rh2 Nc5 38. Qd1 h4 39. Raa2 Qe5 40. Rab2 Rd6 41. Qd2
Rf6 42. Qd1 Bd7 43. Rbd2 Be8 44. Qc2 Bd7 45. Qb2 Rd6 46. Nc2 f6 47. Ne1 Rc6 48.
Rd1 Be8 49. Rb1 Bf7 50. Rc2 Rc8 51. Rcc1 Kh6 52. Qd2 Rg8 53. Rb2 Be6 54. Kh1
Bf7 55. Rd1 Rc8 56. Nc2 Nce6 57. Nxb4 axb4 58. Qxb4 Nc5 59. Qa3 Nfxd3 60. Rxd3
Nxd3 61. Bxd3 Qg3 62. Bf1 Qxf3+ 63. Bg2 Qd1+ 64. Kh2 Qc1 65. Ra2 Qf4+ 66. Kh1
Bg6 67. Qb2 Rb8 68. Qd2 Qg3 69. Rb2 d3 70. a5 Re8 71. Qf2 Qe5 72. Kg1 Qxa5 73.
Rd2 Qa1+ 74. Kh2 Bxe4 75. Bxe4 Rxe4 76. Qc5 Qa8 77. Qf2 Qb8+ 78. Kg2 Qe5 79. c5
Re1 80. b4 Qe4+ 0-1

[Event "CAN-ch"]
[Site "Kingston CAN"]
[Date "2022.04.15"]
[Round "4.6"]
[White "Tremblay, Rejean"]
[Black "Dorrance, Adam"]
[Result "0-1"]
[WhiteElo "2167"]
[BlackElo "2260"]
[PlyCount "102"]
[EventDate "2022.04.13"]
[EventType "swiss"]
[EventRounds "9"]
[EventCountry "CAN"]

1. d4 d5 2. c4 e6 3. Nc3 c6 4. cxd5 exd5 5. Bf4 Bf5 6. e3 Nf6 7. Bd3 Bg6 8. Nf3
Nbd7 9. Ne5 Nxe5 10. Bxe5 Be7 11. Bxg6 hxg6 12. h3 O-O 13. O-O a5 14. Qc2 b5
15. a4 b4 16. Nb1 Rc8 17. Bxf6 gxf6 18. Nd2 f5 19. Nb3 Bd6 20. f4 Qe7 21. Qd2
c5 22. dxc5 Bxc5 23. Nxc5 Rxc5 24. Rac1 Re8 25. Rxc5 Qxc5 26. Re1 d4 27. exd4
Rxe1+ 28. Qxe1 Qxd4+ 29. Qf2 Qd1+ 30. Kh2 Qxa4 31. Qb6 Qb3 32. Qd8+ Kh7 33.
Qxa5 Qxb2 34. Qc7 Kg7 35. h4 Qf6 36. g3 b3 37. Qb8 b2 38. Qb4 Kh6 39. Kh3 Qg7
40. Qb8 Kh5 41. Qb3 Kh6 42. Qb8 Qf6 43. Qf8+ Qg7 44. Qb4 Qh8 45. Qb3 Qd4 46.
Qb8 Kg7 47. Qb5 Qc3 48. Qb8 Qc1 49. Qe5+ Kh7 50. Qd5 Kh6 51. Qxf7 Qh1# 0-1

[Event "CAN-ch"]
[Site "Kingston CAN"]
[Date "2022.04.15"]
[Round "4.7"]
[White "Rusonik, Max"]
[Black "Chen, Max"]
[Result "1-0"]
[WhiteElo "2115"]
[BlackElo "1997"]
[PlyCount "107"]
[EventDate "2022.04.13"]
[EventType "swiss"]
[EventRounds "9"]
[EventCountry "CAN"]

1. e4 c5 2. Nf3 d6 3. d4 cxd4 4. Nxd4 Nf6 5. Nc3 a6 6. Bg5 Nbd7 7. Qe2 e6 8.
O-O-O Be7 9. h4 h6 10. Bd2 Qc7 11. g4 Ne5 12. Rg1 g6 13. g5 hxg5 14. hxg5 Nfd7
15. f4 Nc6 16. Be3 Nc5 17. Nxc6 Qxc6 18. Bg2 Bd7 19. Bd4 Rg8 20. Rh1 O-O-O 21.
Rh7 Be8 22. Qe3 Kb8 23. Bf3 Ka8 24. Bxc5 Qxc5 25. Qxc5 dxc5 26. Rxd8+ Bxd8 27.
e5 Kb8 28. Ne4 Be7 29. c4 Rf8 30. Nf2 Kc7 31. Ng4 b6 32. Nh6 Bd8 33. Be4 Kc8
34. b3 Kb8 35. Kd2 Kc8 36. Ke3 Kb8 37. Kf3 Kc8 38. Rg7 Kb8 39. Kg4 Kc8 40. Kg3
Kb8 41. Rh7 Kc8 42. Kh3 Kb8 43. Kh4 Kc8 44. Ng4 Kb8 45. Nf6 Bxf6 46. gxf6 Kc8
47. Kg5 Rg8 48. Rh1 Kc7 49. Kh6 Rh8+ 50. Kg7 Rh5 51. Kf8 Rxh1 52. Bxh1 Kd8 53.
Bb7 a5 54. Ba6 1-0

[Event "CAN-ch"]
[Site "Kingston CAN"]
[Date "2022.04.15"]
[Round "4.8"]
[White "Chiku-Ratte, Olivier-Kenta"]
[Black "Plotkin, Mark"]
[Result "0-1"]
[WhiteElo "2364"]
[BlackElo "2365"]
[PlyCount "128"]
[EventDate "2022.04.13"]
[EventType "swiss"]
[EventRounds "9"]
[EventCountry "CAN"]

1. d4 Nf6 2. c4 g6 3. Nc3 d5 4. cxd5 Nxd5 5. e4 Nxc3 6. bxc3 Bg7 7. Nf3 O-O 8.
Rb1 c5 9. Be2 b6 10. O-O Bb7 11. d5 Bxc3 12. Bc4 Nd7 13. Bf4 Bg7 14. Qe2 Nf6
15. Rfd1 Kh8 16. h3 Qd7 17. Bh2 Rad8 18. a4 Qxa4 19. Ra1 Qd7 20. Rxa7 Ra8 21.
Rxa8 Bxa8 22. Ne5 Qa4 23. f3 Kg8 24. Bb5 Qb3 25. Nc6 Re8 26. Bc4 Qa4 27. Ne5
Rf8 28. Rb1 Ne8 29. Qd3 Nd6 30. Bb3 Qa7 31. Qe3 b5 32. Kh1 Qa3 33. Nd7 c4 34.
Nxf8 Bxf8 35. Be5 Bb7 36. Ra1 Qxb3 37. Qxb3 cxb3 38. Rb1 Nc4 39. Bc3 b4 40. Bd4
e6 41. dxe6 fxe6 42. Rxb3 Bc6 43. Rb1 e5 44. Ba1 Kf7 45. Rc1 Bb5 46. Rd1 Be7
47. g3 b3 48. Rb1 Ba4 49. Bc3 Ba3 50. Ra1 Bd7 51. Bxe5 Nxe5 52. Rxa3 b2 53. Rb3
Nc4 54. Kg2 Ba4 55. Rb7+ Ke6 56. Kf2 Bc2 57. Rxb2 Nxb2 58. Ke3 Nc4+ 59. Kf4 Bd1
60. Kg5 Bxf3 61. Kh6 Bxe4 62. Kxh7 Kf6 63. g4 Kg5 64. Kg7 Kh4 0-1

[Event "CAN-ch"]
[Site "Kingston CAN"]
[Date "2022.04.15"]
[Round "4.9"]
[White "Zheng, Richard"]
[Black "Noritsyn, Nikolay"]
[Result "1-0"]
[WhiteElo "2036"]
[BlackElo "2512"]
[PlyCount "113"]
[EventDate "2022.04.13"]
[EventType "swiss"]
[EventRounds "9"]
[EventCountry "CAN"]

1. d4 d5 2. c4 e6 3. Nc3 c6 4. e4 Bb4 5. Bd3 dxe4 6. Bxe4 Nf6 7. Bc2 c5 8. a3
Ba5 9. Nge2 Bxc3+ 10. bxc3 b6 11. Be3 Nbd7 12. O-O O-O 13. f3 Ba6 14. Bd3 e5
15. Ng3 exd4 16. cxd4 Re8 17. Qd2 Rc8 18. Rfd1 g6 19. d5 Ne5 20. Bg5 Nxd3 21.
Qxd3 Qd6 22. Qc3 Nd7 23. Ne4 Qe5 24. Rac1 Ra8 25. Nf6+ Nxf6 26. Bxf6 Qxc3 27.
Rxc3 Bc8 28. Kf2 Bd7 29. g4 Rac8 30. a4 Rc7 31. Ra1 Kf8 32. Rb3 Rb7 33. h4 h5
34. gxh5 gxh5 35. Rc3 Bf5 36. Rg1 Rd7 37. Rg5 Bg6 38. f4 Re4 39. Kf3 Re1 40. f5
Rd6 41. Bh8 Kg8 42. fxg6 Kxh8 43. Kf2 Re7 44. gxf7 Rxf7+ 45. Rf3 Rb7 46. Rxh5+
Kg7 47. Rg5+ Kh7 48. Rff5 a6 49. Rh5+ Rh6 50. Rxh6+ Kxh6 51. Ke3 b5 52. axb5
axb5 53. d6 bxc4 54. Rd5 Rd7 55. Ke4 c3 56. Ke5 Ra7 57. Rxc5 1-0

[Event "CAN-ch"]
[Site "Kingston CAN"]
[Date "2022.04.15"]
[Round "4.10"]
[White "Jiang, Brian"]
[Black "Dukic, Zachary"]
[Result "0-1"]
[WhiteElo "1886"]
[BlackElo "2226"]
[PlyCount "88"]
[EventDate "2022.04.13"]
[EventType "swiss"]
[EventRounds "9"]
[EventCountry "CAN"]

1. d4 Nf6 2. c4 g6 3. Nc3 d5 4. Qb3 dxc4 5. Qxc4 Bg7 6. e4 O-O 7. Be2 Nc6 8.
Nf3 e5 9. d5 Nd4 10. Nxd4 exd4 11. Qxd4 c6 12. Qc4 b5 13. Qxc6 Bd7 14. Qd6 Re8
15. f3 Nh5 16. Be3 Be5 17. Qa6 f5 18. g3 f4 19. Bf2 fxg3 20. hxg3 Nxg3 21. Rg1
Nxe2 22. Nxe2 Bxb2 23. Bd4 Bxd4 24. Nxd4 Rxe4+ 25. fxe4 Qh4+ 26. Kd2 Qxe4 27.
Qf6 Rf8 28. Rae1 Qxe1+ 29. Rxe1 Rxf6 30. Kd3 h5 31. Ke4 h4 32. Nf3 h3 33. Rc1
Bg4 34. Nh2 Bf5+ 35. Ke5 Kg7 36. Rc3 b4 37. Rb3 a5 38. Rb2 Rb6 39. Nf3 a4 40.
Nd4 Bd7 41. Rc2 b3 42. axb3 axb3 43. Nxb3 Rxb3 44. Rc7 Rf3 0-1

[Event "CAN-ch"]
[Site "Kingston CAN"]
[Date "2022.04.15"]
[Round "4.11"]
[White "MacKinnon, Keith"]
[Black "Clyde, Jordan"]
[Result "0-1"]
[WhiteElo "2198"]
[BlackElo "2088"]
[PlyCount "110"]
[EventDate "2022.04.13"]
[EventType "swiss"]
[EventRounds "9"]
[EventCountry "CAN"]

1. e4 d6 2. d4 g6 3. Nc3 Bg7 4. f4 c6 5. Bc4 b5 6. Bb3 Qb6 7. Nf3 a5 8. a4 b4
9. Ne2 Nf6 10. e5 Nd5 11. c4 bxc3 12. bxc3 O-O 13. O-O Ba6 14. c4 Nb4 15. Be3
d5 16. Rc1 dxc4 17. Bxc4 Nd5 18. Bd2 Bxc4 19. Rxc4 Na6 20. Qc1 Nab4 21. f5 Nd3
22. Qb1 Nb2 23. Rc2 Nxa4 24. fxg6 hxg6 25. Ra2 Qxb1 26. Rxb1 Nab6 27. Rxa5 Nc4
28. Rxa8 Rxa8 29. Be1 Bh6 30. h3 Ra2 31. Nc1 Be3+ 32. Kh1 Rc2 33. Nd3 Kg7 34.
Nb4 Re2 35. Nxc6 Nf4 36. Nxe7 Nxg2 37. Bg3 Bf4 38. Rg1 Nce3 39. Bxf4 Nxf4 40.
Rg3 Kf8 41. Ng1 Rh2+ 42. Kxh2 Nf1+ 43. Kh1 Nxg3+ 44. Kh2 Nf1+ 45. Kh1 Kxe7 46.
Nf3 Ne3 47. Kh2 Ne6 48. Kg1 Nf4 49. Kh2 Nf5 50. h4 Ke8 51. Kh1 Ne6 52. d5 Ned4
53. Ng5 Nxh4 54. e6 f6 55. Nf7 Ke7 0-1

[Event "CAN-ch"]
[Site "Kingston CAN"]
[Date "2022.04.15"]
[Round "4.12"]
[White "Barron, Michael"]
[Black "Abrahams, Daniel"]
[Result "1-0"]
[WhiteElo "2108"]
[BlackElo "2163"]
[PlyCount "47"]
[EventDate "2022.04.13"]
[EventType "swiss"]
[EventRounds "9"]
[EventCountry "CAN"]

1. e4 d6 2. d4 Nf6 3. Nc3 e5 4. Nf3 Nbd7 5. h3 c6 6. g4 b5 7. g5 Nh5 8. dxe5
dxe5 9. Nxe5 Nxe5 10. Qxh5 Bg4 11. hxg4 Nf3+ 12. Ke2 Nd4+ 13. Kd1 Nb3+ 14. Bd3
Nxa1 15. Ke2 Qa5 16. Bd2 b4 17. Rxa1 bxc3 18. Bxc3 Qc5 19. g6 Qxh5 20. gxh5
fxg6 21. hxg6 h5 22. f4 h4 23. Kf3 Be7 24. f5 1-0

[Event "CAN-ch"]
[Site "Kingston CAN"]
[Date "2022.04.15"]
[Round "4.13"]
[White "Jung, Hans"]
[Black "Palsson, Halldor"]
[Result "1/2-1/2"]
[WhiteElo "2031"]
[BlackElo "1833"]
[PlyCount "111"]
[EventDate "2022.04.13"]
[EventType "swiss"]
[EventRounds "9"]
[EventCountry "CAN"]

1. Nc3 e6 2. Nf3 d5 3. d3 Nf6 4. a3 Be7 5. Bd2 c5 6. e4 d4 7. Ne2 Nc6 8. g3 e5
9. Bg2 Bg4 10. h3 Be6 11. O-O Nd7 12. Nxe5 Ndxe5 13. f4 f6 14. fxe5 fxe5 15.
Kh2 Qd7 16. Ng1 O-O-O 17. Nf3 h6 18. b4 Bd6 19. bxc5 Bxc5 20. Bb4 Bb6 21. Nh4
Kb8 22. Bd2 g5 23. Nf5 Rdg8 24. a4 h5 25. Rb1 Rh7 26. Rb5 Bc7 27. Qa1 Nd8 28.
Rfb1 Qc6 29. Qa3 Qa6 30. Ne7 Bd6 31. Bb4 Bxb4 32. Qxb4 Re8 33. Nd5 Bd7 34. Ra5
Qc6 35. Rb5 Qa6 36. Ra5 Qc6 37. Qd2 Rg7 38. Rab5 Qa6 39. Ra5 Qc6 40. Rab5 Qa6
41. R5b4 Re6 42. Qf2 Rf7 43. Rxb7+ Qxb7 44. Rxb7+ Kxb7 45. Qe2 g4 46. Qd2 Nc6
47. Qc1 Rg6 48. h4 Kc8 49. Kg1 Kd8 50. Qa3 Re6 51. Qc5 Bc8 52. c3 dxc3 53. Qxc3
Rg6 54. Qc4 Ke8 55. Qc5 Kd8 56. Qc4 1/2-1/2

[Event "CAN-ch"]
[Site "Kingston CAN"]
[Date "2022.04.15"]
[Round "4.14"]
[White "Han, Johnathan"]
[Black "Derraugh, Geordie"]
[Result "0-1"]
[WhiteElo "2009"]
[BlackElo "2202"]
[PlyCount "132"]
[EventDate "2022.04.13"]
[EventType "swiss"]
[EventRounds "9"]
[EventCountry "CAN"]

1. e4 c5 2. Nf3 e6 3. d4 cxd4 4. Nxd4 Nc6 5. Nxc6 bxc6 6. Bd3 d5 7. O-O Nf6 8.
Nd2 Qc7 9. Qe2 Be7 10. b3 a5 11. a4 Bb7 12. Bb2 O-O 13. e5 Nd7 14. f4 g6 15.
Kh1 c5 16. c4 d4 17. Rae1 Rab8 18. Bc1 Bh4 19. Rd1 Bc6 20. Be4 Bxe4 21. Qxe4
Qb7 22. Qc2 Qc6 23. Nf3 Bd8 24. Bd2 Rb7 25. h3 Qb6 26. Rb1 Be7 27. Qe4 f5 28.
exf6 Nxf6 29. Qe1 Qd6 30. Ne5 Bd8 31. Nd3 Qb6 32. Qe5 Nd7 33. Qe4 Nf6 34. Qf3
Rg7 35. Rfe1 Bc7 36. Bc1 Qd6 37. Ba3 Nd7 38. Qe4 Re8 39. Rf1 Bb6 40. Rbe1 Rf7
41. Bc1 Bc7 42. Ba3 Rb8 43. Rb1 Rbf8 44. Rfe1 Rf6 45. g3 Qb6 46. Bc1 Re8 47.
Kh2 Rf5 48. Ba3 Qd6 49. Kg2 Kg7 50. Rb2 Qb6 51. Ree2 Nf6 52. Qf3 g5 53. Kh1 Rf8
54. Rb1 h6 55. Ne5 Bxe5 56. Rxe5 Rxe5 57. fxe5 Ng4 58. Qg2 Ne3 59. Qe4 Qc7 60.
Re1 Rf5 61. Bc1 Rxe5 62. Qf3 Rf5 63. Qe4 Qxg3 64. Bd2 Qxh3+ 65. Kg1 Qg3+ 66.
Kh1 Rf2 0-1

[Event "CAN-ch"]
[Site "Kingston CAN"]
[Date "2022.04.15"]
[Round "5.1"]
[White "Panjwani, Raja"]
[Black "Sambuev, Bator"]
[Result "1/2-1/2"]
[WhiteElo "2448"]
[BlackElo "2502"]
[PlyCount "62"]
[EventDate "2022.04.13"]
[EventType "swiss"]
[EventRounds "9"]
[EventCountry "CAN"]

1. d4 d5 2. c4 e6 3. Nf3 Nf6 4. g3 Be7 5. Bg2 O-O 6. Nc3 c6 7. O-O b6 8. Ne5
Ba6 9. Bf4 Nh5 10. Bd2 Nf6 11. Bf4 Nh5 12. Bd2 Nf6 13. Qa4 Qe8 14. cxd5 cxd5
15. Qxe8 Rxe8 16. Rfc1 Nbd7 17. Nc6 Bf8 18. a4 Nb8 19. Nxb8 Rexb8 20. Nb5 Ne8
21. e4 Bb7 22. exd5 Bxd5 23. Bxd5 exd5 24. Bf4 Rb7 25. Rc6 f6 26. h4 Kf7 27.
Rac1 Rd8 28. Rc8 Ke7 29. R8c2 Kf7 30. Rc8 Ke7 31. R8c2 Kf7 1/2-1/2

[Event "CAN-ch"]
[Site "Kingston CAN"]
[Date "2022.04.15"]
[Round "5.2"]
[White "Rodrigue-Lemieux, Shawn"]
[Black "Thavandiran, Shiyam"]
[Result "1-0"]
[WhiteElo "2342"]
[BlackElo "2420"]
[PlyCount "99"]
[EventDate "2022.04.13"]
[EventType "swiss"]
[EventRounds "9"]
[EventCountry "CAN"]

1. e4 e6 2. d4 d5 3. Nd2 c5 4. exd5 exd5 5. Bb5+ Bd7 6. Qe2+ Be7 7. dxc5 Nf6 8.
Ngf3 O-O 9. Nb3 a6 10. Bd3 Re8 11. Be3 Ba4 12. Nfd4 Nbd7 13. O-O Bxb3 14. Nxb3
Nxc5 15. Qd1 Nxd3 16. Qxd3 Bd6 17. g3 Qd7 18. Kg2 Re5 19. h4 Ne4 20. Bf4 Rf5
21. Bxd6 Qxd6 22. Rae1 Re8 23. Rxe4 Rxe4 24. f3 Ree5 25. f4 Re4 26. Nd2 Qe7 27.
Nxe4 dxe4 28. Re1 Re5 29. Qc4 b5 30. Qc8+ Qe8 31. Qxa6 Rd5 32. Re2 f5 33. c4
Rd3 34. Qxb5 Qg6 35. Qb8+ Kf7 36. Qa7+ Kg8 37. Qa8+ Kf7 38. Qb7+ Kg8 39. Qb8+
Kf7 40. Qa7+ Kg8 41. Qf2 Rf3 42. Qe1 Rxf4 43. Qd2 Qg4 44. Qd8+ Kf7 45. Qc7+ Kg6
46. Qd6+ Kf7 47. Rd2 Qf3+ 48. Kh2 Rg4 49. h5 g6 50. Qe5 1-0

[Event "CAN-ch"]
[Site "Kingston CAN"]
[Date "2022.04.15"]
[Round "5.3"]
[White "Dorrance, Adam"]
[Black "Zhang, Yuanchen"]
[Result "1/2-1/2"]
[WhiteElo "2260"]
[BlackElo "2330"]
[PlyCount "56"]
[EventDate "2022.04.13"]
[EventType "swiss"]
[EventRounds "9"]
[EventCountry "CAN"]

1. d4 Nf6 2. c4 e6 3. g3 d5 4. Bg2 dxc4 5. Nf3 Bd7 6. Ne5 Bc6 7. Nxc6 Nxc6 8.
e3 Qd7 9. O-O O-O-O 10. Qe2 Nd5 11. Qxc4 h5 12. Nc3 h4 13. Bd2 hxg3 14. hxg3 f5
15. Rfc1 g5 16. Qa4 Kb8 17. Rab1 Bd6 18. Nxd5 exd5 19. Bxd5 f4 20. Qb5 fxg3 21.
Bxc6 Rh1+ 22. Kg2 Qh3+ 23. Kf3 Qh5+ 24. Ke4 Qh7+ 25. Kd5 Qf7+ 26. Ke4 Qh7+ 27.
Kd5 Qf7+ 28. Ke4 Qh7+ 1/2-1/2

[Event "CAN-ch"]
[Site "Kingston CAN"]
[Date "2022.04.15"]
[Round "5.4"]
[White "Tanaka, Tyler"]
[Black "Rusonik, Max"]
[Result "0-1"]
[WhiteElo "2113"]
[BlackElo "2115"]
[PlyCount "94"]
[EventDate "2022.04.13"]
[EventType "swiss"]
[EventRounds "9"]
[EventCountry "CAN"]

1. Nf3 c5 2. c4 Nc6 3. Nc3 Nf6 4. g3 d5 5. cxd5 Nxd5 6. Bg2 Nc7 7. a3 e5 8. b4
f6 9. bxc5 Bxc5 10. O-O Be6 11. d3 O-O 12. Rb1 Rb8 13. Qc2 Na6 14. Na4 Qd6 15.
Nxc5 Nxc5 16. Be3 Nd7 17. Qb2 b5 18. Rfc1 Rfc8 19. Rc2 a5 20. Rbc1 Ne7 21.
Rxc8+ Nxc8 22. Nd2 Ne7 23. Ne4 Qa6 24. Rc7 b4 25. a4 Nd5 26. Rxd7 Bxd7 27. Nc5
Qd6 28. Nxd7 Nxe3 29. Qb3+ Kh8 30. Bh3 Rd8 31. fxe3 Rxd7 32. Bxd7 Qxd7 33. h4
h6 34. Kg2 Qc6+ 35. e4 Qb6 36. Qc4 b3 37. Qc8+ Kh7 38. Qf5+ Kg8 39. Qc8+ Kf7
40. Qd7+ Kf8 41. Qc8+ Ke7 42. Qg8 b2 43. Qxg7+ Kd8 44. Qg8+ Kc7 45. Qc4+ Kb8
46. Qg8+ Ka7 47. Qf7+ Qb7 0-1

[Event "CAN-ch"]
[Site "Kingston CAN"]
[Date "2022.04.15"]
[Round "5.6"]
[White "Talukdar, Rohan"]
[Black "Plotkin, Victor"]
[Result "1-0"]
[WhiteElo "2321"]
[BlackElo "2278"]
[PlyCount "109"]
[EventDate "2022.04.13"]
[EventType "swiss"]
[EventRounds "9"]
[EventCountry "CAN"]

1. e4 e5 2. Nf3 Nf6 3. Nxe5 d6 4. Nf3 Nxe4 5. c4 Be7 6. d4 Nc6 7. d5 Ne5 8.
Nxe5 dxe5 9. Bd3 Nf6 10. Nc3 O-O 11. O-O Re8 12. Re1 Bd6 13. Bg5 h6 14. Bh4 g5
15. Bg3 Bg4 16. Qc2 Nd7 17. a3 a5 18. Rab1 b6 19. b4 axb4 20. axb4 Qe7 21. h3
Bh5 22. Bf5 Rad8 23. Ne4 Kg7 24. c5 bxc5 25. bxc5 Nxc5 26. Nxc5 Bxc5 27. Rxe5
Qf8 28. Rxe8 Rxe8 29. Bxc7 Bd6 30. g4 Bg6 31. Qc3+ Kg8 32. Bxg6 fxg6 33. Bxd6
Qxd6 34. Rb7 Qe5 35. Qd3 Qe1+ 36. Kg2 Qe4+ 37. Qxe4 Rxe4 38. Kf3 Rd4 39. Rd7
Rd3+ 40. Ke4 Rxh3 41. d6 Kf8 42. Rh7 Ke8 43. Ke5 Rh1 44. Kf6 Rf1 45. Kxg6 Rxf2
46. Rxh6 Rd2 47. Kxg5 Rd5+ 48. Kf4 Kd7 49. g5 Rd1 50. Rf6 Rg1 51. Kf5 Rg2 52.
Kg6 Rg1 53. Kh6 Rh1+ 54. Kg7 Rd1 55. Kf7 1-0

[Event "CAN-ch"]
[Site "Kingston CAN"]
[Date "2022.04.15"]
[Round "5.7"]
[White "Dukic, Zachary"]
[Black "Barron, Michael"]
[Result "1-0"]
[WhiteElo "2226"]
[BlackElo "2108"]
[PlyCount "69"]
[EventDate "2022.04.13"]
[EventType "swiss"]
[EventRounds "9"]
[EventCountry "CAN"]

1. e4 e5 2. Nf3 Nc6 3. d4 exd4 4. Nxd4 Bc5 5. Nb3 Bb6 6. Nc3 Nf6 7. Bg5 h6 8.
Bh4 O-O 9. Qe2 a5 10. a4 Nd4 11. Qd3 Nxb3 12. cxb3 c6 13. O-O-O d5 14. Qc2 Qd6
15. Kb1 d4 16. Bc4 Qe7 17. Rhe1 g5 18. e5 Nh5 19. Qg6+ Ng7 20. Qxh6 Bf5+ 21.
Ka2 Bd8 22. Ne4 Qxe5 23. Nxg5 Qf6 24. Nxf7 Qxh6 25. Nxh6+ Kh7 26. Nxf5 Nxf5 27.
Bxd8 Raxd8 28. Bd3 Kg7 29. g3 Kf6 30. Re4 Ne7 31. Bc4 Nd5 32. Bxd5 Rxd5 33.
Rdxd4 Rxd4 34. Rxd4 Ke5 35. Rf4 1-0

[Event "CAN-ch"]
[Site "Kingston CAN"]
[Date "2022.04.15"]
[Round "5.8"]
[White "Nicula, Marius"]
[Black "Zheng, Richard"]
[Result "1/2-1/2"]
[WhiteElo "2186"]
[BlackElo "2036"]
[PlyCount "52"]
[EventDate "2022.04.13"]
[EventType "swiss"]
[EventRounds "9"]
[EventCountry "CAN"]

1. Nf3 Nf6 2. g3 d5 3. Bg2 Bg4 4. h3 Bxf3 5. Bxf3 e5 6. d3 c6 7. O-O Bc5 8. Nd2
Qc7 9. e4 Nbd7 10. c3 a5 11. Re1 O-O 12. Nf1 dxe4 13. dxe4 Rfd8 14. Qc2 b5 15.
Ne3 Ne8 16. a4 bxa4 17. Rxa4 Nb6 18. Ra1 a4 19. Kg2 Nd6 20. h4 Bxe3 21. Bxe3
Ndc4 22. Bg5 f6 23. Bc1 Na5 24. Be3 Nac4 25. Bc1 Na5 26. Be3 Nac4 1/2-1/2

[Event "CAN-ch"]
[Site "Kingston CAN"]
[Date "2022.04.15"]
[Round "5.9"]
[White "Chen, Max"]
[Black "Tremblay, Rejean"]
[Result "1-0"]
[WhiteElo "1997"]
[BlackElo "2167"]
[PlyCount "65"]
[EventDate "2022.04.13"]
[EventType "swiss"]
[EventRounds "9"]
[EventCountry "CAN"]

1. e4 e5 2. Nf3 Nc6 3. Bc4 Bc5 4. c3 Nf6 5. d3 d6 6. Nbd2 O-O 7. O-O Bb6 8. Bb3
Ne7 9. h3 c6 10. Re1 Ng6 11. Nf1 Nh5 12. d4 Nhf4 13. Ng3 exd4 14. Nxd4 Qg5 15.
Qf3 h5 16. Nde2 Nxe2+ 17. Rxe2 Qe5 18. Nf5 Bxf5 19. exf5 Nh4 20. Qxh5 Qg3 21.
Qg4 Qxg4 22. hxg4 Rfe8 23. Rxe8+ Rxe8 24. Bg5 Re2 25. Bxh4 Rxb2 26. Re1 d5 27.
c4 dxc4 28. Bxc4 Rb4 29. Re8+ Kh7 30. Bxf7 Rb1+ 31. Kh2 Bc7+ 32. g3 Rb2 33.
Bg6+ 1-0